Mirabilia sunt opera tua Domine : Emilio Juncadella, muntanyenc : 1908 / 1915 Emilio Juncadella, muntanyenc :
Publicado:
Barcelona :
Diputació de Barcelona. Xarxa de Parcs Naturals, Parc del Castell de Montesquiu ,
2003
Descripción Física:
49 p. : fot. ; 29 cm
MARC
| LEADER | 00000nam a2200000Ia 4500 | ||
|---|---|---|---|
| 001 | 22255 | ||
| 008 | 160829s2003 xx 000 0 cat d | ||
| 080 | |a FU-54-4 | ||
| 245 | |a Mirabilia sunt opera tua Domine : |b Emilio Juncadella, muntanyenc : |b 1908 / 1915 | ||
| 260 | |a Barcelona : |b Diputació de Barcelona. Xarxa de Parcs Naturals, Parc del Castell de Montesquiu, |c 2003 | ||
| 300 | |a 49 p. : |b fot. ; |c 29 cm | ||
| 590 | |a Catàleg de l'exposició organitzada per l'Àrea d'Espais Naturals de la Diputació de Barcelona i celebrada el mes de setembre de 2003 al Castell de Montesquiu. | ||
| 590 | |a Inclou el fulletó informatiu | ||
| 650 | |a Juncadella, Emili |x Exposicions |9 38232 | ||
| 650 | |a Alpinisme |x Exposicions |9 38233 | ||
| 710 | 1 | |a Barcelona (Catalunya : Província). |b Xarxa de Parcs Naturals |9 7250 | |
| 710 | 1 | |a Parc del Castell de Montesquiu (Catalunya) |9 52663 | |
| 710 | |a Barcelona (Catalunya : Província). |b Àrea d'Espais Naturals |9 9050 | ||
| 901 | |a Arxiu | ||
| 942 | |n 1 | ||
| 952 | |0 0 |1 0 |4 0 |6 FU544 |7 1 |9 48332 |a Arxiu |b Arxiu |d 2016-12-01 |l 0 |o FU-54-4 |p 22255 |r 2016-12-01 00:00:00 |w 2016-12-01 |y ARXIU | ||
| 999 | |c 52138 |d 52138 | ||